000 00678nam a2200181 i 4500
001 88073
003 ES-MaACL
005 20230906175810.0
007 t|
008 050103s1960 sp ||||1| spa d
100 1 _aLabrador González, Adelina.
_969287
245 1 0 _aAvila
_b: fuente de inspiración para los artistas de todas las épocas /
_cpor Adelina Labrador González.
260 _aAvila :
_b[s.n.,
_c1960] (
_fImp. Provincial)
300 _a182 p., 3 lám. :
_bil. ;
_c24 cm.
500 _aPrecede al tít.: Diputación Provincial de Avila. Institución Gran Duque de Alba.
710 0 0 _aInstitución Gran Duque de Alba.
_94723
852 _aES-MaACL
_jC-25366
_bR.54225
999 _c88073
_d88073